Слова-палиндромы по описанию - Statistics

General Stats
  • This quiz has been taken 27 times
  • The average score is 10 of 15
Answer Stats
Описание Слово % Correct
Глаз по-стародавнему Око
100%
Наводнение в помещении Потоп
96%
Повар на морском судне Кок
96%
Православный священник в просторечии Поп
96%
Международный сигнал бедствия SOS
96%
Шум многих шагов Топот
91%
Порода крупных попугаев с красным оперением Ара
78%
Провальный фильм Кристофера Нолана Довод
52%
Большой военный локатор с антенной Радар
52%
Женщина в летах в интеллигентных кругах Великобритании Мэм
52%
Какое-либо нетвёрдое вещество, скатанное в небольшой шарик Комок
48%
Восточная практика: нечто среднее между боевым искусством и гимнастикой Ушу
43%
Наиболее крупное из семян растений Боб
30%
Динамическая часть электромагнита Ротор
26%
Поручение за денежное вознаграждение Заказ
22%
No matching quizzes found
Score Distribution
Percent of People with Each Score
Percentile by Number Answered
Your Score History
You have not taken this quiz